| 000 | 00419nam a22001697a 4500 | ||
|---|---|---|---|
| 003 | NUST - PNEC | ||
| 005 | 20170116181008.0 | ||
| 008 | 150912b xxu||||| |||| 00| 0 eng d | ||
| 020 | _a0538107901 | ||
| 040 | _cLIBRARY | ||
| 082 | _a621.38195 CLA | ||
| 100 |
_99914 _aClark, James F. |
||
| 245 |
_aBASIC: A structured approach _cJames F. Clark |
||
| 260 | _cc.1990 | ||
| 650 |
_99916 _aBASIC _xMIS |
||
| 942 |
_2ddc _cBK |
||
| 999 |
_c66950 _d66950 |
||